Computer-based microscopic description of the structure and properties of materials : symposium held December 2-4, 1985, Boston, Massachusetts, U.S.A. /

Bibliographic Details
Corporate Author: Materials Research Society
Other Authors: Broughton, J. (J. Q.), Krakow, William, Pantelides, Sokrates T.
Format: Book
Language:English
Published: Pittsburgh, Pa. : Materials Research Society, [1986]
Series:Materials Research Society symposia proceedings ; v. 63.
Subjects:

MARC

Tag First Indicator Second Indicator Subfields
LEADER 00000pam a2200000 a 4500
001 in00000441621
005 20160113160642.0
008 860502s1986 paua b 10100 eng
010 |a  86012446  
020 |a 0931837286 :  |c $44.00 
035 |a (OCoLC)13580433 
035 |9 ABW7829AM 
040 |a DLC  |c DLC  |d TXA  |d UtOrBLW 
049 |a TXAM  |c [A09933736] 
050 0 0 |a TA418.5  |b .C66 1986 
082 0 |a 620.1/1/0285  |2 19 
245 0 0 |a Computer-based microscopic description of the structure and properties of materials :  |b symposium held December 2-4, 1985, Boston, Massachusetts, U.S.A. /  |c editors, J. Broughton, W. Krakow, S.T. Pantelides. 
264 1 |a Pittsburgh, Pa. :  |b Materials Research Society,  |c [1986] 
264 4 |c ©1986 
300 |a ix, 289 pages :  |b illustrations ;  |c 24 cm. 
336 |a text  |b txt  |2 rdacontent 
337 |a unmediated  |b n  |2 rdamedia 
338 |a volume  |b nc  |2 rdacarrier 
490 1 |a Materials Research Society symposia proceedings,  |v v. 63 
504 |a Includes bibliographies and indexes. 
650 0 |a Materials  |x Mathematical models  |v Congresses. 
650 0 |a Microstructure  |x Mathematical models  |x Congresses. 
650 0 |a Materials  |x Data processing  |x Congresses. 
650 0 |a Microstructure  |x Data processing  |x Congresses. 
700 1 |a Broughton, J.  |q (J. Q.) 
700 1 |a Krakow, William. 
700 1 |a Pantelides, Sokrates T. 
710 2 |a Materials Research Society. 
830 0 |a Materials Research Society symposia proceedings ;  |v v. 63. 
999 |a MARS 
999 f f |s 2fee986b-7c3e-371b-83f3-67625ae57abd  |i 43e39db5-1cf6-3fdc-a339-d568a9f71cd5  |t 0 
952 f f |p ric  |a Texas A&M University  |b Rellis Campus  |c Joint Library Facility  |d Remote Storage  |t 0  |e TA418.5 .C66 1986  |h Library of Congress classification  |i unmediated -- volume  |m A14809933736 
998 f f |a TA418.5 .C66 1986  |t 0  |l Remote Storage